<?xml version="1.0" encoding="UTF-8"?>
<record
    xmlns:xsi="http://www.w3.org/2001/XMLSchema-instance"
    xsi:schemaLocation="http://www.loc.gov/MARC21/slim http://www.loc.gov/standards/marcxml/schema/MARC21slim.xsd"
    xmlns="http://www.loc.gov/MARC21/slim">

  <leader>00663nam a22002177a 4500</leader>
  <controlfield tag="001"> 28883 </controlfield>
  <controlfield tag="003">UA-OsUOA</controlfield>
  <controlfield tag="005">20220713121903.0</controlfield>
  <controlfield tag="007">ta</controlfield>
  <controlfield tag="008">20050512b un ||||| |||| 00| 0 ukr d</controlfield>
  <datafield tag="040" ind1=" " ind2=" ">
    <subfield code="a">UA-OsUOA</subfield>
    <subfield code="b">rus</subfield>
    <subfield code="c">UA-OsUOA</subfield>
    <subfield code="d">UA-OsUOA</subfield>
  </datafield>
  <datafield tag="041" ind1=" " ind2=" ">
    <subfield code="a">rus</subfield>
  </datafield>
  <datafield tag="044" ind1=" " ind2=" ">
    <subfield code="a">RU</subfield>
  </datafield>
  <datafield tag="080" ind1=" " ind2=" ">
    <subfield code="a">94(47+57)</subfield>
  </datafield>
  <datafield tag="090" ind1=" " ind2=" ">
    <subfield code="a">94(47+57)</subfield>
    <subfield code="b">&#x41E;-95</subfield>
  </datafield>
  <datafield tag="245" ind1=" " ind2=" ">
    <subfield code="c">&#x43F;&#x43E;&#x434; &#x440;&#x435;&#x434;. &#x411;. &#x414;. &#x413;&#x440;&#x435;&#x43A;&#x43E;&#x432;&#x430;, &#x41B;. &#x412;. &#x427;&#x435;&#x440;&#x435;&#x43F;&#x43D;&#x438;&#x43D;&#x430;, &#x412;. &#x422;. &#x41F;&#x430;&#x448;&#x443;&#x442;&#x43E;</subfield>
    <subfield code="b">&#x432; 2-&#x445; &#x447;.</subfield>
    <subfield code="n">&#x447;. &#x406;</subfield>
    <subfield code="p">&#x41F;&#x435;&#x440;&#x438;&#x43E;&#x434; &#x444;&#x435;&#x43E;&#x434;&#x430;&#x43B;&#x438;&#x437;&#x43C;&#x430; &#x406;&#x425;&#x2013;&#x425;V &#x432;. &#x432;.</subfield>
    <subfield code="a">&#x41E;&#x447;&#x435;&#x440;&#x43A;&#x438; &#x438;&#x441;&#x442;&#x43E;&#x440;&#x438;&#x438; &#x421;&#x421;&#x421;&#x420;</subfield>
  </datafield>
  <datafield tag="300" ind1=" " ind2=" ">
    <subfield code="a">984 &#x441;.</subfield>
    <subfield code="b">&#x406;&#x43B;&#x44E;&#x441;&#x442;&#x440;&#x430;&#x446;&#x456;&#x457;</subfield>
  </datafield>
  <datafield tag="650" ind1=" " ind2="7">
    <subfield code="2">UDC</subfield>
  </datafield>
  <datafield tag="942" ind1=" " ind2=" ">
    <subfield code="c">BK</subfield>
    <subfield code="2">udc</subfield>
  </datafield>
  <datafield tag="955" ind1=" " ind2=" ">
    <subfield code="a">0</subfield>
  </datafield>
  <datafield tag="999" ind1=" " ind2=" ">
    <subfield code="c">315256</subfield>
    <subfield code="d">315256</subfield>
  </datafield>
  <datafield tag="952" ind1=" " ind2=" ">
    <subfield code="0">0</subfield>
    <subfield code="1">0</subfield>
    <subfield code="2">udc</subfield>
    <subfield code="4">0</subfield>
    <subfield code="7">0</subfield>
    <subfield code="a">102</subfield>
    <subfield code="b">102</subfield>
    <subfield code="d">2005-05-12</subfield>
    <subfield code="g">24.50</subfield>
    <subfield code="i">80994</subfield>
    <subfield code="l">0</subfield>
    <subfield code="o">94(47+57) &#x41E;-95</subfield>
    <subfield code="p">80994</subfield>
    <subfield code="r">2022-02-07 00:00:00</subfield>
    <subfield code="w">2005-05-12</subfield>
    <subfield code="y">BK</subfield>
  </datafield>
</record>
